00699nam a22002057a 450000500170000001000150001702000260003203500130005803700130007108200100008410000260009424501490012026000460026927000340031530000270034950000600037660000180043670000220045470000170047620151016113917.0 aENG-113664 a9788189430597c250.00 aEN-97196 bDBAD/PUB a891.5 aYogananda, Paramhansa aThe Rubaiyat of Omar Khayyam explained /cby Paramhansa Yogananda ; ; edited, with occasional comments, by Swami Kriyananda (J. Donald Walters). aGurgaonbAnanda Sangha Publicationsc2008 bGurgaonaB-10/8, DLF Phase- I axxiii,376p.c23cm(pbk) a "Based on the first translation by Edward FitzGerald." a Omar Khayyam aKriyananda, Swami aOmar Khayyam